00798nam a2200205 i 450000100060000000300090000600500170001500700030003200800410003510000320007624500790010826000730018730000220026049000310028271000690031383000390038285200320042199900170045395201220047025484ES-MaACL20250827022412.0t|021226s1969 sp ||||1| spa d1 aArce Monzón, Luis.92246213aLa contratación en las corporaciones locales / cpor Luis Arce Monzón. aMadrid : bInstituto de Estudios de Administración Local, c[1969] a254 p. ; c21 cm.1 aSerie manuales prácticos2 aInstituto de Estudios de Administración Local (España)948930 aSerie manuales prácticos9185749 aES-MaACLjC-36627 bR.69261 c25484d25484 00104070aATENEOMbATENEOMcDEPO2d2008-01-17eSCl0oC-36627p1026274r2023-02-23 00:00:00w2023-02-23yMONOGRAFIA